| 000 | 00656cam a2200193 4500 | ||
|---|---|---|---|
| 001 | 5318 | ||
| 005 | 20181127175227.0 | ||
| 008 | 001117s2001 nyua 000 0 eng | ||
| 010 | _a 00066403 | ||
| 020 | _a9781408835050 | ||
| 100 | 1 | _aScamander, Newt. | |
| 245 | 1 | 0 |
_aFantastic beasts and where to find them / _cNewt Scamander ; special edition with a foreword by Albus Dumbledore. |
| 250 | _a1st American ed. | ||
| 260 |
_aNew York, NY : _bBscurus Books, _a _b _c2001. |
||
| 300 |
_a88 p. : _bill. ; _c22 cm. |
||
| 500 | _aWritten by J.K. Rowling as a fictitious author. | ||
| 650 | 0 |
_aAnimals, Mythical _vMiscellanea. |
|
| 999 |
_c4461 _d4461 |
||